logo

Bir Sreshtho Munshi Abdur Rouf Library
Jhenaidah Cadet College

ফোবিয়ানের যাত্রী : (Record no. 189)

MARC details
000 -LEADER
fixed length control field 00753nam a2200229 a 4500
001 - CONTROL NUMBER
JCCL Control Number 189
003 - CONTROL NUMBER IDENTIFIER
JCCL marc code BD-JhCC
005 - DATE AND TIME OF LATEST TRANSACTION
control field 20220630134020.0
008 - FIXED-LENGTH DATA ELEMENTS--GENERAL INFORMATION
fixed length control field 171002s2012 bg |||| || | 000 1 ben d
020 ## - INTERNATIONAL STANDARD BOOK NUMBER
International Standard Book Number 9844582830
035 ## - SYSTEM CONTROL NUMBER
system control number (BD-JhCC)189
040 ## - CATALOGING SOURCE
Original cataloging agency BD-JhCC
Modifying agency BD-JhCC
041 ## - LANGUAGE CODE
Language code of Book ben
082 ## - DEWEY DECIMAL CLASSIFICATION NUMBER
Classification number 891.445
Author mark and Year IQB 2012
100 ## - MAIN ENTRY--PERSONAL NAME
Personal name ইকবাল, মুহাম্মদ জাফর
245 ## - TITLE STATEMENT
Title ফোবিয়ানের যাত্রী :
Remainder of title বিজ্ঞান কল্পকাহিনী /
Statement of responsibility, etc মুহাম্মদ জাফর ইকবাল
260 ## - PUBLICATION, DISTRIBUTION, ETC. (IMPRINT)
Place of publication, distribution, etc ঢাকা :
Name of publisher, distributor, etc সময় প্রকাশন,
Date of publication, distribution, etc 2012
300 ## - PHYSICAL DESCRIPTION
Pagination 125 p. ;
Dimensions 22 cm.
650 ## - SUBJECT ADDED ENTRY--TOPICAL TERM
Topical term or geographic name as entry element Bengali Fiction
942 ## - ADDED ENTRY ELEMENTS (KOHA)
Source of classification or shelving scheme Dewey Decimal Classification
Koha item type Books
Koha issues (borrowed), all copies 20
Holdings
Source of classification or shelving scheme Damaged status Not for loan Home library Current library Shelving location Date of accession Source of acquisition Cost, normal purchase price Total Checkouts Full call number Barcode Date last seen Date checked out Copy number Koha item type
Dewey Decimal Classification     JCC Rouf Library JCC Rouf Library General Stacks 02/10/2017 IPDC 150.00 13 891.445 IQB 2012 1311 04/09/2025 04/07/2025 C-1 Books
Dewey Decimal Classification     JCC Rouf Library JCC Rouf Library General Stacks 10/03/2017   150.00 6 891.445 IQB 2012 1512 09/14/2023 08/30/2023 C-2 Books

JCC Library | Contacts | JCC Home

Last Update on 23 September 2017
Copyright @ 2017-2020 JCC Rouf Library
Rouf Library, Jhenidah Cadet College (JCC), Bangladesh